01558nam a2200385 a 4500001001200000003000800012006001900020007001500039008004100054020001800095020002500113020002500138020002500163040002100188035002100209043001200230050002300242082002000265100002400285245008500309250001200394260006200406300005200468440002100520504007900541533015200620588009600772650005400868650004300922655002900965710001700994856012601011922001801137999001701155ebr10733345CaPaEBRm o u cr cn|||||||||130730s2014 enkab sb 001 0 eng d z9781444349863 z9781118611081 (epub) z9781118610923 (mobi) z9781118610817 (epdf) aCaPaEBRcCaPaEBR a(OCoLC)857078268 ae-gr---14aHQ13b.S556 2014eb04a306.70937/62231 aSkinner, Marilyn B.10aSexuality in greek and roman cultureh[electronic resource]cMarilyn B. Skinner. a2nd ed. aChichester, West Sussex, U.K. :bWiley-Blackwell,cc2014. a1 online resource (xxxi, 426 p.) :bill., maps. 0aAncient cultures aIncludes bibliographical references at the end of each chapters and index. aElectronic reproduction.bPalo Alto, Calif. :cebrary,d2013.nAvailable via World Wide Web.nAccess may be limited to ebrary affiliated libraries. aDescription based on online resource; title from title page (ebrary, viewed July 30, 2013). 0aSex customszGreecexHistoryyTo 1500vTextbooks. 0aSex customszRomexHistoryvTextbooks. 7aElectronic books.2local2 aebrary, Inc.40uhttp://site.ebrary.com/lib/rucke/Doc?id=10733345zAn electronic book accessible through the World Wide Web; click to view aInnodata Copy c36325d36325